000 00996nas a2200301 4500
001 BR8805431
003 BR-BrBNA
005 20231205091305.0
007 ta
008 230509b bl.|||p| |||| 00| 00por d
040 _aBR-BrBNA
_bpor
_cBiblioteca Nacional de Agricultura
041 _a(Pt)
072 _aH20
100 1 _aFeitosa, M.I.
100 1 _aPimentel, C.P.V.
100 1 _aOliveira, V.P. de
100 1 _aChiba, S.
100 1 _aFaria, B.
100 1 _aCoral, F.J.
245 1 _aPatogenicidade de Phytophthora capsici leonian, a frutos de cacaueiro (Theobroma cacao L.)no estado de Sao Paulo
246 1 _aPathogenicity of Phytophthora capsici leonian to cocoa pods (Theobroma cacao L.)in the state of Sao Paulo
650 _aCACAU
650 _aFUNGO
650 _aSAO PAULO
773 0 _tArquivos do Instituto Biologico (Brazil)
_xISSN 0020-3653
_g(Jun-Dec 1986), v. 53(1-4) p. 15-22
_wBR8805431
909 _a202311
_bLúcia
_c55
_dLúcia Elande
942 _2AGRIS
_n0
_cANA
999 _c124170
_d124170